Statistiques concernant Subdivisions françaises en révélant d'autres sur une carte

Cliquez ici pour prendre le quiz!

Statistiques générales

  • Ce quiz a été pris 10 926 fois
  • Le résultat moyen est 146 sur 447

Réponses sur la Carte

Les réponses sont colorées sur une échelle allant du rouge au vert en fonction du pourcentage des utilisateurs qui les ont devinées à leur premier essai. Vous pouvez retrouver ces pourcentages ci-dessous.
 

Statistiques - réponses

catégoriesubdivision% Correct
régionBretagne
86%
régionCorse
81%
régionIle-de-France
80%
régionNormandie
80%
régionGrand-Est
78%
arrondissement (75) | départementParis
78%
régionPays-de-la-Loire
77%
régionProvence-Alpes-Côte-d'Azur
77%
régionHauts-de-France
76%
départementNord
75%
régionOccitanie
75%
régionAuvergne-Rhône-Alpes
74%
DROMGuyane
74%
régionNouvelle-Aquitaine
74%
DROMLa Réunion
73%
régionCentre-Val-de-Loire
72%
DROMMartinique
72%
départementRhône (et métropole de Lyon)
72%
arrondissement (01)Bourg-en-Bresse
71%
DROMGuadeloupe
71%
départementLoire
71%
régionBourgogne-Franche-Comté
70%
départementFinistère
68%
départementHaute-Corse
66%
arrondissement (2A)Ajaccio
65%
arrondissement (59)Lille
65%
arrondissement (13)Marseille
65%
arrondissement (29)Brest
64%
DROMMayotte
64%
départementAin
63%
arrondissement (33)Bordeaux
63%
départementCorse-du-Sud
63%
départementPas-de-Calais
63%
arrondissement (54)Toul
63%
arrondissement (2B)Bastia
62%
arrondissement (68)Strasbourg
62%
arrondissement (06)Nice
61%
départementBas-Rhin
60%
départementGironde
60%
arrondissement (69)Lyon
60%
départementMorbihan
60%
arrondissement (35)Rennes
60%
départementAisne
59%
départementHaut-Rhin
59%
arrondissement (44)Nantes
59%
départementBouches-du-Rhône
58%
départementCôtes-d'Armor
58%
arrondissement (93) | arrondissement (973)Saint-Denis
58%
départementAlpes-Maritimes
57%
départementCalvados
57%
départementCher
57%
départementIlle-et-Vilaine
57%
départementSavoie
57%
arrondissement (31)Toulouse
57%
départementYvelines
57%
départementHaute-Savoie
56%
départementLoire-Atlantique
56%
départementSeine-et-Marne
56%
départementVar
56%
départementCharente
55%
arrondissement (38)La Tour-du-Pin
55%
départementLoiret
55%
départementManche
55%
départementMoselle
55%
départementOise
55%
départementSeine-Saint-Denis
55%
arrondissement (14)Caen
54%
départementEure
54%
arrondissement (34)Montpellier
54%
départementPyrénées-Atlantiques
54%
départementVendée
54%
départementAube
53%
départementHérault
53%
départementLandes
53%
départementMarne
53%
départementPyrénées-Orientales
53%
départementSeine-Maritime
53%
départementArdèche
52%
départementArdennes
52%
départementAude
52%
départementCharente-Maritime
52%
départementHautes-Alpes
52%
départementIsère
52%
départementJura
52%
arrondissement (85)La Roche-sur-Yon
52%
départementMeurthe-et-Moselle
52%
arrondissement (29)Quimper
52%
départementSomme
52%
arrondissement (83)Toulon
52%
départementAllier
51%
arrondissement (21)Dijon
51%
départementEssonne
51%
départementGard
51%
départementLoir-et-Cher
51%
départementCôte-d'Or
50%
départementCreuse
50%
départementDrôme
50%
arrondissement (38)Grenoble
50%
arrondissement (76)Le Havre
50%
départementLot
50%
arrondissement (76)Rouen
50%
départementTerritoire de Belfort
50%
départementAlpes-de-Haute-Provence
49%
arrondissement (62)Calais
49%
départementCantal
49%
arrondissement (63)Clermont-Ferrand
49%
départementDordogne
49%
départementDoubs
49%
arrondissement (59)Dunkerque
49%
départementHaute-Garonne
49%
départementHauts-de-Seine
49%
départementIndre
49%
arrondissement (53) | départementMayenne
49%
arrondissement (57)Metz
49%
départementMeuse
49%
départementTarn
49%
départementVaucluse
49%
départementVosges
49%
départementAveyron
48%
arrondissement (60)Clermont
48%
départementEure-et-Loir
48%
départementIndre-et-Loire
48%
arrondissement (54)Nancy
48%
arrondissement (66)Perpignan
48%
départementSarthe
48%
départementVal-d'Oise
48%
arrondissement (38) | départementVienne
48%
arrondissement (49)Angers
47%
départementAriège
47%
départementGers
47%
départementHautes-Pyrénées
47%
arrondissement (17)La Rochelle
47%
départementLot-et-Garonne
47%
arrondissement (30)Nîmes
47%
arrondissement (45)Orléans
47%
départementOrne
47%
arrondissement (64)Pau
47%
départementPuy-de-Dôme
47%
arrondissement (42)Saint-Étienne
47%
départementVal-de-Marne
47%
arrondissement (78)Versailles
47%
arrondissement (74)Annecy
46%
départementCorrèze
46%
départementHaute-Loire
46%
arrondissement (56)Lorient
46%
arrondissement (26)Valence
46%
arrondissement (56)Vannes
46%
départementYonne
46%
arrondissement (80)Amiens
45%
départementDeux-Sèvres
45%
départementHaute-Marne
45%
arrondissement (72)Le Mans
45%
départementMaine-et-Loire
45%
arrondissement (51)Reims
45%
arrondissement (35)Saint-Malo
45%
départementSaône-et-Loire
45%
départementTarn-et-Garonne
45%
arrondissement (13)Aix-en-Provence
44%
départementHaute-Vienne
44%
départementLozère
44%
départementNièvre
44%
arrondissement (64)Bayonne
43%
arrondissement (90)Belfort
43%
arrondissement (68)Colmar
43%
arrondissement (68)Mulhouse
43%
arrondissement (84)Avignon
42%
départementHaute-Saône
42%
arrondissement (973)Cayenne
41%
arrondissement (87)Limoges
41%
arrondissement (86)Poitiers
41%
arrondissement (11)Carcassonne
40%
arrondissement (50)Cherbourg-en-Cotentin
40%
arrondissement (972)Fort-de-France
40%
arrondissement (73)Chambéry
39%
arrondissement (25)Besançon
38%
arrondissement (62)Lens
38%
arrondissement (22)Saint-Brieuc
38%
arrondissement (37)Tours
38%
arrondissement (10)Troyes
38%
arrondissement (89)Auxerre
37%
arrondissement (50)Saint-Lô
37%
arrondissement (44)Saint-Nazaire
37%
arrondissement (92)Boulogne-Billancourt
36%
arrondissement (62)Boulogne-sur-Mer
36%
arrondissement (05)Gap
36%
arrondissement (53)Laval
36%
arrondissement (62)Arras
35%
arrondissement (18)Bourges
35%
arrondissement (79)Niort
35%
arrondissement (34)Béziers
34%
arrondissement (92)Nanterre
34%
arrondissement (972) | arrondissement (974)Saint-Pierre
34%
arrondissement (16)Angoulême
33%
arrondissement (971)Basse-Terre
33%
arrondissement (71)Chalon-sur-Saône
33%
arrondissement (08)Charleville-Mézières
33%
arrondissement (94)Créteil
33%
arrondissement (81)Albi
32%
arrondissement (28)Chartres
32%
arrondissement (36)Châteauroux
32%
arrondissement (91)Évry-Courcouronnes
32%
arrondissement (40)Mont-de-Marsan
32%
arrondissement (11)Narbonne
32%
arrondissement (58)Nevers
32%
arrondissement (33)Arcachon
31%
arrondissement (60)Beauvais
31%
arrondissement (41)Blois
31%
arrondissement(27)Évreux
31%
arrondissement (12)Rodez
31%
arrondissement (65)Tarbes
31%
arrondissement (59)Valenciennes
31%
arrondissement (13)Arles
30%
arrondissement (15)Aurillac
30%
arrondissement (88)Épinal
30%
arrondissement (09)Foix
30%
arrondissement (77)Melun
30%
arrondissement (24)Périgueux
30%
arrondissement (19)Tulle
30%
arrondissement (47)Agen
29%
arrondissement (61)Alençon
29%
arrondissement (02)Laon
29%
arrondissement (71)Mâcon
29%
arrondissement (82)Montauban
29%
arrondissement (55)Bar-le-Duc
28%
arrondissement (10)Bar-sur-Aube
28%
arrondissement (2B)Calvi
28%
arrondissement (40)Dax
28%
arrondissement (85)Les Sables-d'Olonne
28%
arrondissement (03)Moulins
27%
arrondissement (02)Saint-Quentin
27%
arrondissement (32)Auch
26%
arrondissement (19)Brive-la-Gaillarde
26%
arrondissement (26)Die
26%
arrondissement (43)Le Puy-en-Velay
26%
arrondissement (48)Mende
26%
arrondissement (07)Privas
26%
arrondissement (974)Saint-Paul
26%
arrondissement (03)Vichy
26%
arrondissement (93)Bobigny
25%
arrondissement (46)Cahors
25%
arrondissement (04)Digne-les-Bains
25%
arrondissement (23)Guéret
25%
arrondissement (70)Vesoul
25%
arrondissement (49)Cholet
24%
arrondissement (22)Guingamp
24%
arrondissement (08)Sedan
24%
arrondissement (55)Verdun
24%
arrondissement (76)Dieppe
23%
arrondissement (39)Lons-le-Saunier
23%
arrondissement (77)Meaux
23%
arrondissement (17)Saint-Jean-d'Angély
23%
arrondissement (73)Saint-Jean-de-Maurienne
23%
arrondissement (74)Thonon-les-Bains
23%
arrondissement (30)Alès
22%
arrondissement (81)Castres
22%
arrondissement (2B)Corte
22%
arrondissement (35)Fougères
22%
arrondissement (95)Pontoise
22%
arrondissement (17)Saintes
22%
arrondissement (05)Briançon
21%
arrondissement (51)Châlons-en-Champagne
21%
arrondissement (52)Chaumont
21%
arrondissement (60)Compiègne
21%
arrondissement (22)Dinan
21%
arrondissement (22)Lannion
21%
arrondissement (12)Millau
21%
arrondissement (03)Montluçon
21%
arrondissement (29)Morlaix
21%
arrondissement (971)Pointe-à-Pitre
21%
arrondissement (42)Roanne
21%
arrondissement (95)Argenteuil
20%
arrondissement (14)Bayeux
20%
arrondissement (59)Douai
20%
arrondissement (28)Dreux
20%
arrondissement (25)Montbéliard
20%
arrondissement (62)Montreuil-sur-Mer
20%
arrondissement (17)Rochefort
20%
arrondissement (973)Saint-Laurent-du-Maroni
20%
arrondissement (12)Villefranche-de-Rouergue
20%
arrondissement (69)Villefranche-sur-Saône
20%
arrondissement (73)Albertville
19%
arrondissement (21)Beaune
19%
arrondissement (24)Bergerac
19%
arrondissement (13)Istres
19%
arrondissement (57)Thionville
19%
arrondissement (80)Abbeville
18%
arrondissement (50)Avranches
18%
arrondissement (39)Dole
18%
arrondissement (83)Draguignan
18%
arrondissement (77)Fontainebleau
18%
arrondissement (06)Grasse
18%
arrondissement (33)Libourne
18%
arrondissement (14)Lisieux
18%
arrondissement (78)Mantes-la-Jolie
18%
arrondissement (49)Saumur
18%
arrondissement (02)Soissons
18%
arrondissement (18)Vierzon
18%
arrondissement (47)Villeneuve-sur-Lot
18%
arrondissement (59)Cambrai
17%
arrondissement (16)Cognac
17%
arrondissement (56)Pontivy
17%
arrondissement (52)Saint-Dizier
17%
arrondissement (89)Sens
17%
arrondissement (92)Antony
16%
arrondissement (67)Haguenau
16%
arrondissement (45)Montargis
16%
arrondissement (78)Rambouillet
16%
arrondissement (35)Redon
16%
arrondissement (88)Saint-Dié-des-Vosges
16%
arrondissement (51)Vitry-le-François
16%
arrondissement (62)Béthune
15%
arrondissement (84)Carpentras
15%
arrondissement (57)Forbach
15%
arrondissement (72)La Flèche
15%
arrondissement (28)Nogent-le-Rotrou
15%
arrondissement (94)Nogent-sur-Marne
15%
arrondissement (10)Nogent-sur-Seine
15%
arrondissement (25)Pontarlier
15%
arrondissement (78)Saint-Germain-en-Laye
15%
arrondissement (24)Sarlat-la-Canéda
15%
arrondissement (02)Château-Thierry
14%
arrondissement (86)Châtellerault
14%
arrondissement (51)Épernay
14%
arrondissement (91)Étampes
14%
arrondissement (09)Pamiers
14%
arrondissement (63)Riom
14%
arrondissement (62)Saint-Omer
14%
arrondissement (95)Sarcelles
14%
arrondissement (57)Sarreguemines
14%
arrondissement (67)Sélestat
14%
arrondissement (65)Argelès-Gazost
13%
arrondissement (04)Barcelonnette
13%
arrondissement (44)Châteaubriant
13%
arrondissement (37)Chinon
13%
arrondissement (63)Issoire
13%
arrondissement (01)Nantua
13%
arrondissement (77)Provins
13%
arrondissement (14)Vire Normandie
13%
arrondissement (50)Coutances
12%
arrondissement (46)Figeac
12%
arrondissement (85)Fontenay-le-Comte
12%
arrondissement (01)Gex
12%
arrondissement (52)Langres
12%
arrondissement (54)Lunéville
12%
arrondissement (47)Marmande
12%
arrondissement (31)Muret
12%
arrondissement (974)Saint-Benoît
12%
arrondissement (15)Saint-Flour
12%
arrondissement (31)Saint-Gaudens
12%
arrondissement (57)Sarrebourg
12%
arrondissement (60)Senlis
12%
arrondissement (41)Vendôme
12%
arrondissement (84)Apt
11%
arrondissement (61)Argentan
11%
arrondissement (23)Aubusson
11%
arrondissement (71)Autun
11%
arrondissement (28)Châteaudun
11%
arrondissement (29)Châteaulin
11%
arrondissement (32)Condom
11%
arrondissement (36)Issoudun
11%
arrondissement (36)Le Blanc
11%
arrondissement (64)Oloron-Sainte-Marie
11%
arrondissement (91)Palaiseau
11%
arrondissement (45)Pithiviers
11%
arrondissement (74)Saint-Julien-en-Genevois
11%
arrondissement (2A)Sartène
11%
arrondissement (67)Saverne
11%
arrondissement (63)Thiers
11%
arrondissement (89)Avallon
10%
arrondissement (65)Bagnères-de-Bigorre
10%
arrondissement (01)Belley
10%
arrondissement (33)Blaye
10%
arrondissement (79)Bressuire
10%
arrondissement (53)Château-Gontier-sur-Mayenne
10%
arrondissement (17)Jonzac
10%
arrondissement (33)Langon
10%
arrondissement (33)Lesparre-Médoc
10%
arrondissement (11)Limoux
10%
arrondissement (37)Loches
10%
arrondissement (34)Lodève
10%
arrondissement (42)Montbrison
10%
arrondissement (79)Parthenay
10%
arrondissement (08)Rethel
10%
arrondissement (41)Romorantin-Lanthenay
10%
arrondissement (39)Saint-Claude
10%
arrondissement (77)Torcy
10%
arrondissement (19)Ussel
10%
arrondissement (68)Altkirch
9%
arrondissement (27)Bernay
9%
arrondissement (83)Brignoles
9%
arrondissement (43)Brioude
9%
arrondissement (04)Castellane
9%
arrondissement (66)Céret
9%
arrondissement (58)Château-Chinon
9%
arrondissement (55)Commercy
9%
arrondissement (48)Florac Trois Rivières
9%
arrondissement (04)Forcalquier
9%
arrondissement (36)La Châtre
9%
arrondissement (972)Le Marin
9%
arrondissement (30)Le Vigan
9%
arrondissement (94)L'Haÿ-les-Roses
9%
arrondissement (70)Lure
9%
arrondissement (72)Mamers
9%
arrondissement (67)Molsheim
9%
arrondissement (21)Montbard
9%
arrondissement (88)Neufchâteau
9%
arrondissement (26)Nyons
9%
arrondissement (80)Péronne
9%
arrondissement (66)Prades
9%
arrondissement (18)Saint-Amand-Montrond
9%
arrondissement (09)Saint-Girons
9%
arrondissement (49)Segré-en-Anjou Bleu
9%
arrondissement (68)Thann
9%
arrondissement (07)Tournon-sur-Rhône
9%
arrondissement (43)Yssingeaux
9%
arrondissement (63)Ambert
8%
arrondissement (59)Avesnes-sur-Helpe
8%
arrondissement (87)Bellac
8%
arrondissement (74)Bonneville
8%
arrondissement (82)Castelsarrasin
8%
arrondissement (16)Confolens
8%
arrondissement (58)Cosne-Cours-sur-Loire
8%
arrondissement (46)Gourdon
8%
arrondissement (07)Largentière
8%
arrondissement (972)La Trinité
8%
arrondissement (93)Le Raincy
8%
arrondissement (27)Les Andelys
8%
arrondissement (71)Louhans
8%
arrondissement (15)Mauriac
8%
arrondissement (32)Mirande
8%
arrondissement (86)Montmorillon
8%
arrondissement (61)Mortagne-au-Perche
8%
arrondissement (47)Nérac
8%
arrondissement (24)Nontron
8%
arrondissement (973)Saint-Georges
8%
arrondissement (02)Vervins
8%
arrondissement (08)Vouziers
8%
arrondissement (71)Charolles
7%
arrondissement (58)Clamecy
7%
arrondissement (80)Montdidier
7%
arrondissement (87)Rochechouart
7%
arrondissement (54)Val de Briey
7%

Distribution des résultats

Percentile par nombre de réponses

% des personnes avec chaque résultat

Votre développement - résultats

Vous n’avez pas pris ce quiz